| 000 | 00819nam a22002651 4500 | ||
|---|---|---|---|
| 999 |
_c3909 _d3909 |
||
| 001 | 010825361 | ||
| 003 | ALUPE UNIVERSITY | ||
| 005 | 20220221085128.0 | ||
| 008 | 921109s1988 enk 000 0 eng d | ||
| 015 | _aGB 87-44600 | ||
| 020 | _a0723609497 | ||
| 035 | _aCURL Interim file ISBN04 record 117745 | ||
| 040 | _cALUPE UNIVERSITY | ||
| 050 |
_aRC86.7 _b.M43 1988 |
||
| 092 | _aD0501174788 | ||
| 245 | 0 | 0 |
_aMedicine for disasters / _cedited by Peter Baskett, Robin Weller ; with a foreword by John S.M. Zorab |
| 260 |
_aLondon : _bJohn Wright, _cc1988 |
||
| 300 |
_axviii, 494 p ; _c24 cm |
||
| 650 | 0 | _aDisaster medicine | |
| 650 | 0 | _aMedical emergencies | |
| 700 | 1 | _aBaskett, Peter J. F. | |
| 700 | 1 | _aWeller, Robin. | |
| 942 |
_2lcc _cBK _nBA |
||